ANALYTICKÉ VYJADRENIE POLOMEROV ZATÁČANIA KĹBOVÉHO NAKLADAČA

Bibliographic Details
Main Author: Holík, Ján (Author)
Format: Article
Language:Slovak

MARC

LEADER 00000nab a2200000 a 4500
001 vtls011112612
003 SK-MaSNL
005 20260303150606.0
008 230222|1998 xo |||||||||||||||||slo|
015 |a SNBRB 
035 |a (uuid)d6701122-aca6-4453-8297-372e2a570eaa 
035 |a (urnnbn)urn:nbn:sk:snk:ar-a08gi7 
035 |a urn:nbn:sk:snk-ab9j1x 
040 |a SNKBUCL  |b slo  |c SNKBUCL  |e AACR2 
041 0 |a slo 
044 |a xo  |c SK 
100 1 |a Holík, Ján  |4 aut  |9 15057 
245 1 0 |a ANALYTICKÉ VYJADRENIE POLOMEROV ZATÁČANIA KĹBOVÉHO NAKLADAČA  |c Ján Holík 
246 3 |a ANALYTICAL EXPRESSION OF RADIUS OF ARTICULATED LOADER'S TURNING 
773 0 |t Acta Facultatis technicae Zvolen : vedecký časopis Fakulty environmentálnej a výrobnej techniky  |g Roč. 2, č. 1 (1998), s. 15-26 
954 |a odborná, vedecká literatúra pôvodná (slovenská)  |2 lita 
958 |a OND 
958 |a EUIPO 
958 |a article13 
999 |c 2011849  |d 2013779